| 000 | 00573nam a2200181 i 4500 | ||
|---|---|---|---|
| 001 | 147847 | ||
| 003 | ES-MaACL | ||
| 005 | 20230906202304.0 | ||
| 007 | t| | ||
| 008 | 071008s1968 sp ||||1| spa d | ||
| 100 | 1 |
_aUztáraiz, Jerónimo de. _9112350 |
|
| 245 | 1 | 0 |
_aTheorica, y práctica de Comercio, y de Marina / _cGeronymo de Uztáraiz ; introducción de Gabriel Franco. |
| 260 |
_aMadrid : _bAguilar, _c[1969] |
||
| 300 |
_aLXVI, 18 h., 454 p. ; _c24 cm. |
||
| 500 | _aEd. facsimil. | ||
| 700 | 1 |
_aFranco, Gabriel. _952223 |
|
| 852 |
_aES-MaACL _jC-37854 _bR.69988 |
||
| 999 |
_c147847 _d147847 |
||